Chamberlain cabinet (Record no. 343203)

000 -LEADER
fixed length control field 00456cam a22001577a 4500
008 - FIXED-LENGTH DATA ELEMENTS--GENERAL INFORMATION
fixed length control field 180718b1971 xxu||||| |||| 00| 0 eng d
082 ## - DEWEY DECIMAL CLASSIFICATION NUMBER
Classification number Dx42 C726c
100 ## - MAIN ENTRY--PERSONAL NAME
Personal name Glovin, Ian
245 ## - TITLE STATEMENT
Title Chamberlain cabinet
Statement of responsibility, etc. by Ian Golvin
260 ## - PUBLICATION, DISTRIBUTION, ETC.
Place of publication, distribution, etc. London
Name of publisher, distributor, etc. Gollancz
Date of publication, distribution, etc. 1971
300 ## - PHYSICAL DESCRIPTION
Extent 286p.
500 ## - GENERAL NOTE
General note 56/-
650 ## - SUBJECT ADDED ENTRY--TOPICAL TERM
Topical term or geographic name entry element Great Britain --Foreign relations --1936-1945
650 ## - SUBJECT ADDED ENTRY--TOPICAL TERM
Topical term or geographic name entry element Cabinet officers --Great Britain
650 ## - SUBJECT ADDED ENTRY--TOPICAL TERM
Topical term or geographic name entry element Chamberlain, Neville, 1869-1940
Holdings
Withdrawn status Lost status Damaged status Not for loan Permanent Location Current Location Date acquired Full call number Barcode Date last seen Price effective from Koha item type
        Indian Institute of Public Administration Indian Institute of Public Administration 1993-09-28 Dx42 C726c 46236 2018-07-21 2018-07-21 Book

Powered by Koha